000 00870nam a22001697a 4500
003 OSt
005 20251013033722.0
008 251010b |||||||| |||| 00| 0 eng d
020 _a978-971-556-048-1
040 _aDWC-Main Lib.
_cOC
245 _aCataloging policy statements and RDA guidelines for Philippine libraries / National Committee on Resource Description and Access (NCRDA) ;
_ba joint project of the National Library of the Philippines (NLP), Philippine Association of Academic/Research L/
260 _aMakati City, Phils. :
_bNational Library of the Philippines, Phil. Asso. of Academic/Research Librarians, Inc., and National Commission for Culture and the Arts,
_cc2014.
300 _avi, 140 pages ;
_c28 cm.
650 _a1. Resource description and access.
650 _a2. Descriptive cataloging--Standards.
942 _2ddc
_cBK-0 CIRC
_hRes.
_n0
999 _c4839
_d4839